Score 0/28 Timer 05:00
0 Plays Today
% Correct
Henry IV
95.5%
Lear
94.8%
Richard II
94.2%
Aragorn
87.9%
Aslan
85.2%
Caspian X
77.3%
Oberon
77%
Duncan
76.6%
Elendil
75.8%
Isildur
73.7%
Robert Baratheon
71.9%
Thranduil
70.3%
Théoden
68.9%
Viserys I
64.7%
% Correct
Jaehaerys I
58%
Antiochus
57.8%
B'hrian Bloodaxe
55%
Aegon I
51.4%
Priam
50.4%
Pteppicymon XXVIII
49%
Erlian
45.9%
Durin VI
45.4%
Tirian
44.4%
Rhys Rhysson
36.8%
Leto Atreides II
32.9%
Cho-Hag
31.2%
Belgarion
31.2%
Lune
29.5%
Remove Ads.
Support Sporcle.
Get the best of Sporcle when you Go Orange. This ad-free experience offers more features, more stats, and more fun while also helping to support Sporcle. Thank you for becoming a member.

You're not logged in!

Compare scores with friends on all Sporcle quizzes.
OR
Log In

Show Comments

Extras

Top Quizzes Today


Score Distribution

Your Account Isn't Verified!

In order to create a playlist on Sporcle, you need to verify the email address you used during registration. Go to your Sporcle Settings to finish the process.

Report this User

Report this user for behavior that violates our Community Guidelines.

Details: